000 00327nam a22001337a 4500
008 180927b xxu||||| |||| 00| 0 eng d
020 _a9781429209892
041 _aeng
080 _a541
100 _a12
101 _aKIM
245 _aInvestigation Chemistry A Forensic Science Perspective
_cJohl.M M
942 _2udc
_cBK
999 _c48628
_d48628